000 00491nam a2200145Ia 4500
008 211220s9999 xx 000 0 eng d
041 _aEnglish
082 _aRP.0329
100 _aPatel, Arjun
_uCentre for Socila Studies
_vSurat
245 2 _aA sociological study of exodus of dalits in rural Gujarat /
_cArjun Patel
260 _aNew Delhi :
_bIndian Council oF Social Science Research,
_c2018
300 _aiii, 272p.
536 _aIndian Council of Social Science Research
942 _cRP
999 _c27175
_d27175